000 01405nam0a22002891 4500
001 rc\2214671
005 20110829170345.9
035 _a(NLR Aleph) 006488637
090 _a6108944
_c6108944
100 _a20110829d1978 |||y0rusy50 ca
101 0 _arus
102 _aRU
105 _aa z |||||
200 1 _aТенденции развития конструкций колесных тракторов и агрегатов на их базе для лесозаготовительных работ ведущих зарубежных фирм
_eОбзор
210 _aМосква
_cЦНИИТЭИтракторосельхозмаш
_d1978
215 _a40 с.
_cил.
_d21
225 1 _aОбзорная информация
_fЦНИИ информации и техн.-экон. исслед. по тракт. и с.-х. машиностроению
_iСер. "Тракторы, самоходные шасси и двигатели, агрегаты и узлы"
_vВып. 6
300 _aАвт. указаны на обороте тит. л.
300 _aВ надзаг. также: М-во тракт. и с.-х. машиностроения
320 _aБиблиогр.: с. 33
700 1 _aПроконичев
_bК. Г.
701 1 _aКовригин
_bВ. Д.
801 0 _aRU
_bNLR
_gpsbo
801 1 _aRU
_bELAR
_2rusmarc
852 _aNLR
_jП13/1574
942 _cBOOK
980 _aNB